[Event "Hradec Kralove Region-chT 2223"]
[Site "Czech Republic"]
[Date "2023.03.19"]
[Round "10.5"]
[White "Kozusek, Slavomir"]
[Black "Gorecki, Janusz"]
[Result "1-0"]
[WhiteElo "1763"]
[BlackElo "1654"]
[PlyCount "53"]
[EventDate "2022.10.09"]
[EventType "team-tourn"]
[EventRounds "11"]
[EventCountry "CZE"]
[SourceTitle "EXT 2024"]
[Source "ChessBase"]
[SourceDate "2023.10.10"]
[SourceVersion "1"]
[SourceVersionDate "2023.10.10"]
[SourceQuality "1"]

1. d4 d5 2. Bf4 Nf6 3. e3 e6 4. c4 Bb4+ 5. Nc3 0-0 6. a3 Bxc3+ 7. bxc3 dxc4 8. Bxc4 Nd5 9. Ne2 Nd7 10. Bg3 c6 11. e4 N5b6 12. Bd3 e5 13. dxe5 Qe7 14. f4 Nc5 15. Bc2 Nc4 16. Qd4 b5 17. Qf2 Bb7 18. Nd4 Ne6 19. 0-0 Nxd4 20. cxd4 Nxa3 21. Bb3 b4 22. f5 c5 23. Bh4 Qd7 24. d5 c4 25. Qg3 cxb3 26. Bf6 g6 27. Qg5 1-0

[Event "Hradec Kralove Region-chT 2223"]
[Site "Czech Republic"]
[Date "2023.02.26"]
[Round "9.5"]
[White "Gorecki, Janusz"]
[Black "Vitova, Anna"]
[Result "1/2-1/2"]
[WhiteElo "1660"]
[BlackElo "1803"]
[PlyCount "29"]
[EventDate "2022.10.09"]
[EventType "team-tourn"]
[EventRounds "11"]
[EventCountry "CZE"]
[SourceTitle "EXT 2024"]
[Source "ChessBase"]
[SourceDate "2023.10.10"]
[SourceVersion "1"]
[SourceVersionDate "2023.10.10"]
[SourceQuality "1"]

1. e4 c5 2. Bc4 d6 3. a4 e6 4. Nc3 Nf6 5. Nf3 a6 6. d4 cxd4 7. Nxd4 Be7 8. Bd3 0-0 9. 0-0 Qc7 10. Be3 b6 11. Rc1 Bb7 12. Qd2 Nbd7 13. Nde2 Rfd8 14. Ng3 Rac8 15. Qe2 1/2-1/2

[Event "Hradec Kralove Region-chT 2223"]
[Site "Czech Republic"]
[Date "2022.12.11"]
[Round "5.5"]
[White "Sedivy, Ales"]
[Black "Gorecki, Janusz"]
[Result "1/2-1/2"]
[WhiteElo "1884"]
[BlackElo "1698"]
[PlyCount "44"]
[EventDate "2022.10.09"]
[EventType "team-tourn"]
[EventRounds "11"]
[EventCountry "CZE"]
[SourceTitle "EXT 2024"]
[Source "ChessBase"]
[SourceDate "2023.10.10"]
[SourceVersion "1"]
[SourceVersionDate "2023.10.10"]
[SourceQuality "1"]

1. e4 c5 2. Nf3 d6 3. d4 cxd4 4. Nxd4 a6 5. c4 Nf6 6. Nc3 g6 7. Be2 Bg7 8. Be3 0-0 9. 0-0 Nc6 10. h3 Bd7 11. Qd2 Nxd4 12. Bxd4 Bc6 13. Qe3 e5 14. Bb6 Qe7 15. Rad1 Rfc8 16. b3 Nd7 17. Ba5 Qf8 18. Bb4 Nc5 19. Bxc5 dxc5 20. Nd5 Rd8 21. Qg5 Bxd5 22. Rxd5 Rxd5 1/2-1/2

[Event "POL-chT3 Dolnoslaskie 1314"]
[Site "Poland"]
[Date "2014.01.05"]
[Round "6.22"]
[White "Zych, Marek"]
[Black "Gorecki, Janusz"]
[Result "1-0"]
[WhiteElo "2134"]
[BlackElo "1878"]
[PlyCount "99"]
[EventDate "2013.10.20"]
[EventType "team-tourn"]
[EventRounds "11"]
[EventCountry "POL"]
[SourceTitle "EXT 2018"]
[Source "ChessBase"]
[SourceDate "2017.10.13"]
[SourceVersion "1"]
[SourceVersionDate "2017.10.13"]
[SourceQuality "1"]
[WhiteTeam "Walbrzych WOK"]
[BlackTeam "Polanica Zdroj KSz"]
[WhiteTeamCountry "POL"]
[BlackTeamCountry "POL"]

1. Nf3 Nf6 2. c4 e6 3. g3 b6 4. Bg2 Bb7 5. 0-0 Be7 6. d4 0-0 7. d5 Re8 8. Nc3 Bb4 9. Bd2 e5 10. Ne1 Bxc3 11. Bxc3 d6 12. e4 Nbd7 13. b4 Nf8 14. Nd3 Ng6 15. Qd2 Bc8 16. a4 Bd7 17. a5 Qc8 18. Rfc1 Bh3 19. Bh1 h6 20. f3 Bd7 21. c5 Qb8 22. c6 Bc8 23. axb6 Qxb6+ 24. Nf2 Ba6 25. Ra5 Bb5 26. Bg2 a6 27. Bf1 Nh7 28. Rca1 Ng5 29. Kg2 Bxf1+ 30. Rxf1 Qb8 31. Rfa1 Qc8 32. Qd3 Qd8 33. b5 h5 34. bxa6 h4 35. Bd2 Nh7 36. a7 hxg3 37. hxg3 f6 38. Be3 Kf7 39. Rb1 Ne7 40. Rab5 Nf8 41. Rb8 Rxb8 42. Rxb8 Qxb8 43. axb8Q Rxb8 44. Qa3 Ke8 45. Qa7 Rc8 46. Bd2 g5 47. Nd3 Nfg6 48. Nb4 Nh8 49. Na6 Kf7 50. Nxc7 1-0

[Event "Nachod op 11th"]
[Site "Nachod"]
[Date "2013.07.02"]
[Round "4"]
[White "Gorecki, Janusz"]
[Black "Drasnar, Pavel"]
[Result "1-0"]
[WhiteElo "1898"]
[BlackElo "1683"]
[PlyCount "47"]
[EventDate "2013.06.29"]
[EventType "swiss"]
[EventRounds "9"]
[EventCountry "CZE"]
[SourceTitle "CBM 155 Extra"]
[Source "ChessBase"]
[SourceDate "2013.08.26"]
[SourceVersion "1"]
[SourceVersionDate "2013.08.26"]
[SourceQuality "1"]

1. e4 e5 2. Nf3 Nc6 3. Bc4 Bc5 4. c3 Nf6 5. Qe2 0-0 6. 0-0 Na5 7. Nxe5 Nxc4 8. Nxc4 Re8 9. e5 d5 10. Nca3 a6 11. d4 Bxa3 12. Nxa3 h6 13. Nc2 Ne4 14. f3 Ng5 15. Bxg5 Qxg5 16. Ne3 c6 17. f4 Qd8 18. f5 c5 19. Rf4 cxd4 20. cxd4 Bd7 21. Qg4 Qb6 22. Rf2 Qb5 23. e6 fxe6 24. f6 1-0

[Event "Nachod op"]
[Site "Nachod"]
[Date "2012.06.30"]
[Round "1"]
[White "Gorecki, Janusz"]
[Black "Mudrak, Josef"]
[Result "0-1"]
[WhiteElo "1869"]
[BlackElo "2313"]
[PlyCount "88"]
[EventDate "2012.06.30"]
[EventType "swiss"]
[EventRounds "9"]
[EventCountry "CZE"]
[SourceTitle "CBM 149 Extra"]
[Source "ChessBase"]
[SourceDate "2012.08.24"]
[SourceVersion "1"]
[SourceVersionDate "2012.08.24"]
[SourceQuality "1"]

1. e4 d6 2. d4 Nf6 3. Bd3 e5 4. Nf3 Nbd7 5. 0-0 Be7 6. c4 0-0 7. Nc3 c6 8. Be3 Ng4 9. Bc1 a5 10. h3 exd4 11. Nxd4 Nge5 12. Be2 Nc5 13. f4 Ng6 14. Bg4 Bf6 15. Bxc8 Rxc8 16. Nf5 Qb6 17. Qc2 Nb3+ 18. Be3 Nxa1 19. Rxa1 Qc7 20. Qf2 Ne7 21. Bb6 Qd7 22. Nxe7+ Bxe7 23. Rd1 Qe6 24. b3 f5 25. Re1 Bf6 26. exf5 Qxf5 27. Ne4 c5 28. Nxd6 Qd3 29. Nxc8 Bd4 30. Ne7+ Kf7 31. Nd5 Bxf2+ 32. Kxf2 Qd4+ 33. Kg3 Re8 34. Rf1 Re2 35. Bxa5 Qd3+ 36. Kh2 Rxa2 37. Re1 Rxa5 38. Re7+ Kf8 39. Rxb7 Ra8 40. Nb6 Qe4 41. Nd5 h5 42. h4 Ra2 43. Rb8+ Kf7 44. Rb7+ Kg8 0-1

[Event "Nachod op 9th"]
[Site "Nachod"]
[Date "2011.07.08"]
[Round "7"]
[White "Gorecki, Janusz"]
[Black "Hastik, Svatopluk"]
[Result "0-1"]
[WhiteElo "1923"]
[BlackElo "2061"]
[PlyCount "92"]
[EventDate "2011.07.02"]
[EventType "swiss"]
[EventRounds "9"]
[EventCountry "CZE"]
[SourceTitle "EXT 2012"]
[Source "ChessBase"]
[SourceDate "2011.11.24"]
[SourceVersion "1"]
[SourceVersionDate "2011.11.24"]
[SourceQuality "1"]

1. e4 g6 2. d4 Bg7 3. Be3 d6 4. Qd2 Nd7 5. Bc4 c6 6. Bb3 a5 7. Nc3 b5 8. a4 b4 9. Nce2 Rb8 10. Rd1 Ba6 11. Nh3 Ngf6 12. f3 0-0 13. Bh6 c5 14. Bxg7 Kxg7 15. dxc5 Nxc5 16. 0-0 Qb6 17. Kh1 Nxb3 18. cxb3 Rfc8 19. Rfe1 Bxe2 20. Rxe2 Rc6 21. Qe1 e5 22. Red2 Rbc8 23. Ng1 Nd7 24. f4 Nc5 25. fxe5 dxe5 26. Rd5 Nxb3 27. Qg3 Nc5 28. Qxe5+ Kg8 29. Qe7 Qc7 30. Rd8+ Rxd8 31. Rxd8+ Kg7 32. Qf8+ Kf6 33. Qh8+ Ke7 34. Qe8+ Kf6 35. Qh8+ Ke7 36. Qe8+ Kf6 37. e5+ Kf5 38. Rd1 Ne4 39. Rf1+ Kg5 40. Nh3+ Kh6 41. Qf8+ Kh5 42. Qg7 Rc1 43. Nf4+ Kg5 44. h4+ Kg4 45. Nd5 Rxf1+ 46. Kh2 Qc1 0-1

[Event "Nachod op 9th"]
[Site "Nachod"]
[Date "2011.07.07"]
[Round "6.30"]
[White "Palla, Rostislav"]
[Black "Gorecki, Janusz"]
[Result "0-1"]
[WhiteElo "1736"]
[BlackElo "1923"]
[PlyCount "28"]
[EventDate "2011.07.02"]
[EventType "swiss"]
[EventRounds "9"]
[EventCountry "CZE"]
[SourceTitle "EXT 2012"]
[Source "ChessBase"]
[SourceDate "2011.11.24"]
[SourceVersion "1"]
[SourceVersionDate "2011.11.24"]
[SourceQuality "1"]

1. e4 c5 2. Nf3 Nc6 3. Nc3 a6 4. d4 cxd4 5. Nxd4 Nf6 6. Be3 e5 7. Nxc6 bxc6 8. a3 d5 9. exd5 cxd5 10. Bg5 Bb7 11. Bxf6 gxf6 12. f3 f5 13. Qd2 Qd6 14. 0-0-0 Bh6 0-1

[Event "Polanica Zdroj op-A 47th"]
[Site "Polanica Zdroj"]
[Date "2011.??.??"]
[Round "1"]
[White "Gorecki, Janusz"]
[Black "Banasik, Krzysztof"]
[Result "0-1"]
[WhiteElo "1923"]
[BlackElo "2253"]
[PlyCount "40"]
[EventDate "2011.08.19"]
[EventType "swiss"]
[EventRounds "9"]
[EventCountry "POL"]
[SourceTitle "CBM 144 Extra"]
[Source "ChessBase"]
[SourceDate "2011.10.28"]
[SourceVersion "1"]
[SourceVersionDate "2011.10.28"]
[SourceQuality "1"]

1. e4 e6 2. d4 d5 3. exd5 exd5 4. Bd3 Bd6 5. Ne2 Qf6 6. h3 Ne7 7. 0-0 Nbc6 8. Be3 Bd7 9. Nbc3 a6 10. Qd2 h6 11. Nf4 Bxf4 12. Bxf4 0-0-0 13. Be3 Nxd4 14. f3 Ne6 15. Nd1 d4 16. Bf2 Nf4 17. Bg3 Ned5 18. Be4 Bc6 19. Bxf4 Qxf4 20. Qxd4 f5 0-1

[Event "Polanica Zdroj op-A 47th"]
[Site "Polanica Zdroj"]
[Date "2011.??.??"]
[Round "5"]
[White "Malinowski, Damian"]
[Black "Gorecki, Janusz"]
[Result "0-1"]
[WhiteElo "1900"]
[BlackElo "1923"]
[PlyCount "62"]
[EventDate "2011.08.19"]
[EventType "swiss"]
[EventRounds "9"]
[EventCountry "POL"]
[SourceTitle "CBM 144 Extra"]
[Source "ChessBase"]
[SourceDate "2011.10.28"]
[SourceVersion "1"]
[SourceVersionDate "2011.10.28"]
[SourceQuality "1"]

1. c4 e5 2. Nc3 f5 3. d4 e4 4. Nh3 Nf6 5. Bf4 Bb4 6. e3 0-0 7. Be2 d5 8. 0-0 c6 9. Qb3 Be7 10. cxd5 cxd5 11. Bxb8 Rxb8 12. Nf4 Kh8 13. Ncxd5 Bd6 14. g3 g5 15. Nxf6 gxf4 16. Nxe4 fxe4 17. exf4 Bh3 18. Rfe1 Bxf4 19. Bf1 Bxf1 20. Kxf1 Bd2 21. Rxe4 Qf6 22. f4 Ba5 23. Qd5 Bb6 24. Qe5 Rbd8 25. Qxf6+ Rxf6 26. Re7 Rxd4 27. Rxb7 Rd2 28. Rc1 Rf2+ 29. Ke1 Re6+ 30. Kd1 Rf1+ 31. Kc2 Rc6+ 0-1

[Event "Polanica Zdroj op-A 47th"]
[Site "Polanica Zdroj"]
[Date "2011.??.??"]
[Round "8"]
[White "Palka, Dominika"]
[Black "Gorecki, Janusz"]
[Result "1-0"]
[WhiteElo "1786"]
[BlackElo "1923"]
[PlyCount "53"]
[EventDate "2011.08.19"]
[EventType "swiss"]
[EventRounds "9"]
[EventCountry "POL"]
[SourceTitle "CBM 144 Extra"]
[Source "ChessBase"]
[SourceDate "2011.10.28"]
[SourceVersion "1"]
[SourceVersionDate "2011.10.28"]
[SourceQuality "1"]

1. d4 Nf6 2. c4 e5 3. dxe5 Ng4 4. Nf3 Bc5 5. e3 Nc6 6. Nc3 Ngxe5 7. Nxe5 Nxe5 8. Be2 0-0 9. 0-0 a5 10. b3 Re8 11. Bb2 d6 12. Na4 Ba7 13. c5 Bf5 14. cxd6 cxd6 15. Qd5 Qh4 16. Nc3 Bd7 17. Qd2 Re6 18. h3 Rg6 19. Nd5 Rxg2+ 20. Kxg2 Bxh3+ 21. Kh2 Bg4+ 22. Kg1 Nf3+ 23. Bxf3 Bxf3 24. Ne7+ Kh8 25. Bxg7+ Kxg7 26. Nf5+ Kf6 27. Nxh4 1-0

[Event "Polanica Zdroj op-A 46th"]
[Site "Polanica Zdroj"]
[Date "2010.08.28"]
[Round "10"]
[White "Gorecki, Janusz"]
[Black "Kuciel, Wladyslaw"]
[Result "1-0"]
[WhiteElo "1932"]
[BlackElo "2088"]
[PlyCount "61"]
[EventDate "2010.08.19"]
[EventType "swiss"]
[EventRounds "10"]
[EventCountry "POL"]
[SourceTitle "CBM 138 Extra"]
[Source "ChessBase"]
[SourceDate "2010.10.29"]
[SourceVersion "1"]
[SourceVersionDate "2010.10.29"]
[SourceQuality "1"]

1. e4 c5 2. Nf3 d6 3. d4 cxd4 4. Nxd4 Nf6 5. Nc3 a6 6. Bg5 e6 7. Bd3 Be7 8. Qd2 Nbd7 9. h3 Qc7 10. f4 h6 11. Bxf6 Bxf6 12. Nde2 0-0 13. h4 b5 14. g4 Bxc3 15. Nxc3 b4 16. Ne2 Bb7 17. Qxb4 Nc5 18. Ng3 d5 19. exd5 e5 20. 0-0-0 e4 21. Nxe4 Nxd3+ 22. Rxd3 Qxf4+ 23. Kb1 Rab8 24. Qd4 Rfd8 25. c4 Bc8 26. g5 Qf5 27. gxh6 gxh6 28. Rg1+ Kf8 29. Qc5+ Ke8 30. Rg8+ Kd7 31. Qd6# 1-0

[Event "Polanica Zdroj op-B 45th"]
[Site "Polanica Zdroj"]
[Date "2009.08.26"]
[Round "9"]
[White "Bednarski, Dawid"]
[Black "Gorecki, Janusz"]
[Result "0-1"]
[WhiteElo "1799"]
[BlackElo "1928"]
[PlyCount "62"]
[EventDate "2009.08.18"]
[EventType "swiss"]
[EventRounds "10"]
[EventCountry "POL"]
[SourceTitle "CBM 131 Extra"]
[Source "ChessBase"]
[SourceDate "2009.09.03"]
[SourceVersion "2"]
[SourceVersionDate "2009.09.16"]
[SourceQuality "1"]

1. e4 d5 2. exd5 Qxd5 3. Nc3 Qd8 4. d4 e6 5. Nf3 Nf6 6. Bg5 Bb4 7. Be2 h6 8. Bd2 0-0 9. 0-0 b6 10. a3 Be7 11. Bf4 Bb7 12. Qd2 Nbd7 13. Rad1 Rc8 14. h3 Nd5 15. Nxd5 exd5 16. Rfe1 Nf6 17. Bd3 Ne4 18. Qe3 f5 19. Ne5 Bf6 20. f3 g5 21. fxe4 gxf4 22. Qxf4 Bxe5 23. Qxe5 fxe4 24. Qe6+ Kh7 25. Be2 Qg5 26. Bg4 Rce8 27. Qd7+ Re7 28. Qb5 h5 29. Be2 Rg7 30. Bf1 Bc8 31. Qe2 Bxh3 0-1

[Event "Polanica Zdroj op-B 45th"]
[Site "Polanica Zdroj"]
[Date "2009.08.22"]
[Round "5"]
[White "Gorecki, Janusz"]
[Black "Eggink, Mateusz"]
[Result "1-0"]
[WhiteElo "1928"]
[BlackElo "1756"]
[PlyCount "79"]
[EventDate "2009.08.18"]
[EventType "swiss"]
[EventRounds "10"]
[EventCountry "POL"]
[SourceTitle "CBM 131 Extra"]
[Source "ChessBase"]
[SourceDate "2009.09.03"]
[SourceVersion "2"]
[SourceVersionDate "2009.09.16"]
[SourceQuality "1"]

1. e4 c5 2. Nf3 Nc6 3. d4 cxd4 4. Nxd4 Nf6 5. Nc3 e6 6. Nxc6 bxc6 7. Bd3 d5 8. exd5 cxd5 9. 0-0 Bc5 10. Bg5 h6 11. Bxf6 Qxf6 12. Bb5+ Kf8 13. Kh1 Bb7 14. f4 g6 15. Bd3 Kg7 16. Qg4 h5 17. Qe2 Rab8 18. Rae1 Bc6 19. Nd1 Bd6 20. Qf2 Rb4 21. c4 dxc4 22. Be4 Bxe4 23. Rxe4 Rc8 24. Nc3 Bc5 25. Qe2 Rcb8 26. Rxc4 Rxb2 27. Qf3 Be7 28. Rc7 Bb4 29. Ne4 Qd4 30. Ng5 Qd2 31. Rxf7+ Kg8 32. Qe4 Qc2 33. Rxa7 Qxe4 34. Nxe4 Rd8 35. Rc1 Bd2 36. Rd1 Rc8 37. g3 Be3 38. Re7 Rxa2 39. Rxe6 Rcc2 40. Rd8+ 1-0

[Event "Polanica Zdroj op-B 45th"]
[Site "Polanica Zdroj"]
[Date "2009.08.19"]
[Round "2"]
[White "Gorecki, Janusz"]
[Black "Szadkowski, Krzysztof"]
[Result "0-1"]
[WhiteElo "1928"]
[BlackElo "2100"]
[PlyCount "120"]
[EventDate "2009.08.18"]
[EventType "swiss"]
[EventRounds "10"]
[EventCountry "POL"]
[SourceTitle "CBM 131 Extra"]
[Source "ChessBase"]
[SourceDate "2009.09.03"]
[SourceVersion "2"]
[SourceVersionDate "2009.09.16"]
[SourceQuality "1"]

1. e4 Nf6 2. e5 Nd5 3. d4 d6 4. f4 dxe5 5. dxe5 Nc6 6. Bb5 Bf5 7. Nf3 Ndb4 8. Ba4 Qxd1+ 9. Kxd1 0-0-0+ 10. Bd2 Bg4 11. a3 Nd4 12. axb4 Nxf3 13. Kc1 Nd4 14. Nc3 e6 15. h3 Bh5 16. b5 Bb4 17. g4 Bg6 18. Be3 h5 19. g5 h4 20. Rh2 Nf5 21. Bf2 Ng3 22. Bb3 Ne4 23. Nxe4 Bxe4 24. c3 Be7 25. Bd4 Bd3 26. Rd2 Bxb5 27. Rxa7 b6 28. Ra8+ Kb7 29. Rxd8 Rxd8 30. Bf2 Ra8 31. g6 fxg6 32. Bxe6 Rf8 33. Bd7 Bf1 34. Be3 g5 35. fxg5 Rf3 36. Rf2 Rxe3 37. Rxf1 Bxg5 38. Kc2 Rxe5 39. Bg4 Bf6 40. Rf5 Re1 41. Rd5 Rf1 42. Rd7 b5 43. Rd1 Rf4 44. Rd5 Ka6 45. Rd3 c6 46. Rf3 Re4 47. Rd3 c5 48. Rd6+ Ka5 49. Re6 Rf4 50. Re2 c4 51. Re8 Rf1 52. Ra8+ Kb6 53. Rb8+ Kc6 54. Rc8+ Kb7 55. Rc5 Rf2+ 56. Kc1 Kb6 57. Rc8 Rf1+ 58. Kc2 Bg5 59. Rb8+ Ka7 60. Rc8 Rc1# 0-1

[Event "Nachod op"]
[Site "Nachod"]
[Date "2009.07.08"]
[Round "5"]
[White "Gorecki, Janusz"]
[Black "Simecek, Bohumil"]
[Result "0-1"]
[WhiteElo "1928"]
[BlackElo "2144"]
[PlyCount "130"]
[EventDate "2009.07.04"]
[EventType "swiss"]
[EventRounds "9"]
[EventCountry "CZE"]
[SourceTitle "CBM 131 Extra"]
[Source "ChessBase"]
[SourceDate "2009.09.03"]
[SourceVersion "2"]
[SourceVersionDate "2009.09.16"]
[SourceQuality "1"]

1. e4 e6 2. d4 d5 3. e5 c5 4. c3 Nc6 5. Nf3 cxd4 6. cxd4 Nh6 7. Bd3 Nf5 8. Bxf5 exf5 9. 0-0 Be6 10. Nc3 Be7 11. Rb1 0-0 12. Be3 Qd7 13. Bg5 Bb4 14. Rc1 h6 15. Bd2 Rfc8 16. Qe2 Bf8 17. h3 Na5 18. Bf4 Nc4 19. b3 Na3 20. Na4 Qb5 21. Qb2 b6 22. h4 Qd7 23. Be3 Nb5 24. Qd2 Rab8 25. Nb2 Rxc1 26. Rxc1 Rc8 27. Na4 Rxc1+ 28. Qxc1 Qc8 29. Qf1 Be7 30. Qd3 g6 31. Qd2 Kh7 32. Qd3 Qc6 33. Bd2 Bc8 34. h5 Nc7 35. hxg6+ fxg6 36. Nc3 Ba6 37. Qe3 Ne6 38. g3 g5 39. Qe1 Bd3 40. Qe3 Ba6 41. Qe1 Bb7 42. Qb1 Ng7 43. Kg2 Kg8 44. Nd1 Bf8 45. Nb2 Be7 46. Nd3 a5 47. Qc1 Qxc1 48. Bxc1 Ne6 49. Bb2 Kf7 50. Nfe1 Kg6 51. Kf3 h5 52. Kg2 Ba6 53. a3 f4 54. gxf4 gxf4 55. f3 Kf5 56. Nf2 Be2 57. Bc3 Bxa3 58. Nc2 Bc1 59. Nh3 Bd1 60. Na1 Be3 61. Nf2 Bxf2 62. Kxf2 Ng5 63. Ke1 Bxf3 64. Nc2 h4 65. Na3 h3 0-1

[Event "Krakow op-B 19th"]
[Site "Krakow"]
[Date "2008.12.28"]
[Round "2"]
[White "Krasiewicz, Robert"]
[Black "Gorecki, Janusz"]
[Result "1-0"]
[WhiteElo "2090"]
[BlackElo "1940"]
[PlyCount "115"]
[EventDate "2008.12.26"]
[EventType "swiss"]
[EventRounds "9"]
[EventCountry "POL"]
[SourceTitle "CBM 128 Extra"]
[Source "ChessBase"]
[SourceDate "2009.03.05"]
[SourceVersion "2"]
[SourceVersionDate "2009.03.25"]
[SourceQuality "1"]

1. d4 d5 2. c4 e6 3. Nf3 Nf6 4. g3 dxc4 5. Bg2 Bb4+ 6. Bd2 Be7 7. Qa4+ Nbd7 8. Qxc4 0-0 9. 0-0 Ne4 10. Bf4 c6 11. Ne5 Nb6 12. Qd3 Nd6 13. Nc3 Bg5 14. Kh1 Bxf4 15. gxf4 Nd5 16. e3 f5 17. Rg1 Rf6 18. Bf3 Rh6 19. Rg5 Nf7 20. Nxf7 Kxf7 21. Rag1 g6 22. Nb1 Qb6 23. Qa3 Qb4 24. R5g2 Bd7 25. Rc1 Rc8 26. b3 a5 27. Qb2 Qd6 28. Nd2 b5 29. Be2 Nc7 30. Nf3 Na6 31. Ne5+ Kg8 32. Qd2 Be8 33. Qxa5 Nc7 34. Qd2 Ra8 35. Bf3 Nd5 36. Nd3 Rh3 37. Be2 Nf6 38. f3 Nd5 39. Rc5 Qd8 40. Nf2 Rh4 41. Bd1 Qa5 42. Qxa5 Rxa5 43. Rxd5 exd5 44. Nd3 Rh6 45. Rc2 g5 46. fxg5 Re6 47. Ne5 c5 48. Rxc5 Rxa2 49. Bc2 Rea6 50. Kg2 R6a3 51. Kg3 Ra7 52. Bxf5 Re2 53. Kf4 Rxh2 54. Be6+ Kg7 55. Bxd5 Rh4+ 56. Kg3 Rh1 57. Rc8 Bd7 58. Rg8# 1-0

[Event "Polanica Zdroj op-B 44th"]
[Site "Polanica Zdroj"]
[Date "2008.08.28"]
[Round "10"]
[White "Gorecki, Janusz"]
[Black "Nojszewski, Adam"]
[Result "1/2-1/2"]
[WhiteElo "1936"]
[BlackElo "1995"]
[PlyCount "36"]
[EventDate "2008.08.19"]
[EventType "swiss"]
[EventRounds "10"]
[EventCountry "POL"]
[SourceTitle "EXT 2009"]
[Source "ChessBase"]
[SourceDate "2008.11.26"]
[SourceVersion "1"]
[SourceVersionDate "2008.11.26"]
[SourceQuality "1"]

1. e4 e6 2. d4 d5 3. exd5 exd5 4. Nf3 Nf6 5. h3 Bd6 6. c4 c6 7. cxd5 Nxd5 8. Be2 0-0 9. 0-0 Bf5 10. Bd3 Bxd3 11. Qxd3 Nd7 12. a3 Qb6 13. Nc3 N7f6 14. Bg5 Qxb2 15. Na4 Qb5 16. Qd2 Rfe8 17. Bxf6 Nxf6 18. Rfb1 Qa6 1/2-1/2

[Event "Polanica Zdroj op-B 44th"]
[Site "Polanica Zdroj"]
[Date "2008.08.26"]
[Round "8"]
[White "Gorecki, Janusz"]
[Black "Bednarczyk, Damian"]
[Result "1/2-1/2"]
[WhiteElo "1936"]
[BlackElo "1836"]
[PlyCount "89"]
[EventDate "2008.08.19"]
[EventType "swiss"]
[EventRounds "10"]
[EventCountry "POL"]
[SourceTitle "CBM 126 Extra"]
[Source "ChessBase"]
[SourceDate "2008.11.05"]
[SourceVersion "1"]
[SourceVersionDate "2008.11.05"]
[SourceQuality "1"]

1. e4 c5 2. Nf3 Nc6 3. Bb5 d6 4. c3 Nf6 5. 0-0 Nxe4 6. Bxc6+ bxc6 7. Qa4 Nf6 8. Qxc6+ Bd7 9. Qa6 e6 10. d4 Qb6 11. Qe2 cxd4 12. Nxd4 Be7 13. Rd1 0-0 14. Be3 Qb7 15. Qc2 Rab8 16. b3 Nd5 17. Qd2 Nxe3 18. Qxe3 Bf6 19. Nd2 d5 20. N2f3 Qc7 21. Ne2 a5 22. Rac1 Bb5 23. Ng3 g6 24. Nd4 Qb6 25. Qh6 Bg7 26. Qh4 Bc6 27. h3 e5 28. Nf3 Bb7 29. Qg5 h6 30. Qd2 Rbd8 31. Re1 Rfe8 32. a3 f5 33. b4 a4 34. Qc2 Qa7 35. Ne2 Rc8 36. Qd2 Kh7 37. Red1 Qa8 38. Ne1 Qa7 39. Nd3 h5 40. Rb1 Bh6 41. Qc2 d4 42. Nc5 Rxc5 43. bxc5 Be4 44. Qb2 Bxb1 45. Qxb1 1/2-1/2

[Event "Polanica Zdroj op-B 44th"]
[Site "Polanica Zdroj"]
[Date "2008.08.24"]
[Round "6"]
[White "Blaszkiewicz, Mateusz"]
[Black "Gorecki, Janusz"]
[Result "0-1"]
[WhiteElo "1806"]
[BlackElo "1936"]
[PlyCount "30"]
[EventDate "2008.08.19"]
[EventType "swiss"]
[EventRounds "10"]
[EventCountry "POL"]
[SourceTitle "CBM 126 Extra"]
[Source "ChessBase"]
[SourceDate "2008.11.05"]
[SourceVersion "1"]
[SourceVersionDate "2008.11.05"]
[SourceQuality "1"]

1. e4 e5 2. Nf3 Nc6 3. Bb5 Bc5 4. c3 Qe7 5. d3 Nf6 6. Nbd2 Bxf2+ 7. Kxf2 Qc5+ 8. d4 Qxb5 9. Re1 exd4 10. cxd4 d6 11. Kg1 0-0 12. Nf1 Bg4 13. Ng3 Bxf3 14. gxf3 Rfe8 15. Bg5 Qxg5 0-1

[Event "Polanica Zdroj op-B 44th"]
[Site "Polanica Zdroj"]
[Date "2008.08.19"]
[Round "1"]
[White "Gorecki, Janusz"]
[Black "Tarnowska, Aleksandra"]
[Result "1-0"]
[WhiteElo "1936"]
[BlackElo "1718"]
[PlyCount "55"]
[EventDate "2008.08.19"]
[EventType "swiss"]
[EventRounds "10"]
[EventCountry "POL"]
[SourceTitle "CBM 126 Extra"]
[Source "ChessBase"]
[SourceDate "2008.11.05"]
[SourceVersion "1"]
[SourceVersionDate "2008.11.05"]
[SourceQuality "1"]

1. e4 c5 2. Nf3 e6 3. d4 cxd4 4. Nxd4 a6 5. Bc4 Qc7 6. Qe2 Nc6 7. Nxc6 dxc6 8. 0-0 b5 9. Bd3 Bd6 10. f4 e5 11. f5 Bb7 12. a4 Nf6 13. axb5 cxb5 14. Bg5 Be7 15. Bxf6 Bxf6 16. Nc3 0-0 17. Nd1 Rfd8 18. Nf2 Be7 19. Ng4 f6 20. Rf3 b4 21. b3 Rd4 22. Rh3 Rad8 23. Bc4+ Kh8 24. Rxh7+ Kxh7 25. Nxf6+ gxf6 26. Qh5+ Kg7 27. Qg6+ Kh8 28. Qh6# 1-0

[Event "Nachod op"]
[Site "Nachod"]
[Date "2006.07.08"]
[Round "8"]
[White "Gorecki, Janusz"]
[Black "Zdenek, Petr"]
[Result "1-0"]
[WhiteElo "1933"]
[BlackElo "2210"]
[PlyCount "57"]
[EventDate "2006.07.01"]
[EventType "swiss"]
[EventRounds "9"]
[EventCountry "CZE"]
[SourceTitle "CBM 113 Extra"]
[Source "ChessBase"]
[SourceDate "2006.09.14"]
[SourceVersion "1"]
[SourceVersionDate "2006.09.14"]
[SourceQuality "1"]

1. e4 c5 2. Nf3 Nc6 3. d4 cxd4 4. Nxd4 g6 5. Bd3 Nf6 6. Nc3 Bg7 7. Be2 0-0 8. Qd2 d5 9. exd5 Nb4 10. d6 Qxd6 11. Ncb5 Qc5 12. c3 Nbd5 13. Ne6 Qc6 14. Nxf8 Ne3 15. Qxe3 Nd5 16. Qg3 Kxf8 17. 0-0 e5 18. c4 Nf4 19. Bf3 Qb6 20. Rd1 Be6 21. b3 Bf6 22. Nc3 Qa5 23. Ne4 Be7 24. Ng5 Bf5 25. Qh4 h5 26. Nh7+ Ke8 27. Nf6+ Kf8 28. Qg5 Kg7 29. Nxh5+ 1-0